Otelo /

Guardado en:
Autor Principal: Shakespeare, William
Formato: Libro
Publicado: Barcelona : Edicomunicación
Series:Clásicos universales
Materias:
Etiquetas: Agregar Etiqueta
Sin Etiquetas, Sea el primero en etiquetar este registro!
LEADER 00674nam a22002175a 4500
001 CEM.cems010992
005 20071218175546.0
008 130507b######################000#0#####d
003 CEMS
020 |a 847672876X 
082 0 4 |a 822.3 
100 1 |a Shakespeare, William 
245 1 0 |a Otelo /  |c William Shakespeare ; versión Marcelino Menéndez y Pelayo ; prólogo y Presentación de Francesc Ll. Cardona 
260 |a Barcelona :  |b Edicomunicación 
300 |a 123 p. 
490 0 |a Clásicos universales 
653 |a Literatura 
653 |a Teatro 
653 |a Teatro ingles 
653 |a Literatura inglesa 
859 |a CEMS  |b BIB. CEMS - 11 de abril  |h 822.3  |i Sh14-12  |p 21788.02  |t Ej.1